000 00643cam a22002411 4500
999 _c7656
_d7656
001 2639056
003 GBCCL
005 20241126110633.0
008 730208s1960 nyu 000 0 eng
010 _a 60011787
040 _aDLC
_cDLC
_dDLC
050 0 0 _aBR100
_b.T373 1960
082 0 0 _a201
_bTEI
100 2 _aTeilhard de Chardin, Pierre.
_913497
240 1 0 _aMilieu divin.
_lEnglish
245 1 4 _aThe divine milieu
250 _a[1st ed.]
260 _aNew York,
_bHarper
_c[1960]
300 _a144 p.
_c22 cm.
650 0 _aChristianity
_xPhilosophy.
_9278
906 _a7
_bcbc
_corignew
_du
_eocip
_f19
_gy-gencatlg
942 _2ddc
_cBK